Cơ sở khí hậu học của thiết kế kiến trúc /
Na minha lista:
| Autor principal: | |
|---|---|
| Formato: | Sách giấy |
| Idioma: | Vietnamese |
| Publicado em: |
H. :
Khoa học và Kỹ thuật,
1981.
|
| Tags: |
Adicionar Tag
Sem tags, seja o primeiro a adicionar uma tag!
|
| Thư viện lưu trữ: | Thư viện Trường Đại học Đà Lạt |
|---|
| LEADER | 00659nam a2200277 4500 | ||
|---|---|---|---|
| 001 | DLU140163064 | ||
| 005 | ##20140814 | ||
| 040 | # | # | |a DLU |b vie |
| 041 | # | # | |a vie |
| 044 | # | # | |a vn |
| 082 | # | # | |a 720.47 |b PH-D |
| 100 | # | # | |a Phan Ngọc Đăng. |
| 245 | # | # | |a Cơ sở khí hậu học của thiết kế kiến trúc / |c Phan Ngọc Đăng. |
| 260 | # | # | |a H. : |b Khoa học và Kỹ thuật, |c 1981. |
| 300 | # | # | |a 412 tr. ; |c 19 cm. |
| 923 | # | # | |a TL |
| 991 | # | # | |a SH |
| 992 | # | # | |a 17 |
| 994 | # | # | |a DLU |
| 900 | # | # | |a True |
| 911 | # | # | |a Nguyễn Huyền Anh |
| 925 | # | # | |a G |
| 926 | # | # | |a A |
| 927 | # | # | |a SH |
| 980 | # | # | |a Thư viện Trường Đại học Đà Lạt |